01068nam a2200229Ia 4500003000400000005001700004008004100021020001500062040002100077041000800098082001400106100003700120245008200157260006500239300002900304490003000333500009900363505005300462520026400515650002100779700003800800OSt20250408152647.0191128s1999 cu gr 000 0 spa d a9592600112 aCO-JMCRcCO-JMCR aspa04aA-NbACEd1 aAcevedo Díaz, Zelmar, eautora 0aLa dama de cristal / cZelmar Acevedo Díaz ; edición Zuzel López Baquez aLa Habana : bFondo Editorial Casa de las Américas, c1999 a492 páginas ; c20 cm.0 aArte de nuestra América aIncluye datos biográficos del autor en solapa posterior. Premio Casa de las Américas 1999. aEl comienzo -- La señora -- La guerra --El fin aEsta es la historia de una mujer, Eleonora Pla, quien abandona las comodidades de un estilo de vida heredado, decide irse como una simple "maestrita" para un pueblo de campo perdido en la geografía argentina y llega a convertirse en presidenta de la repúb04aNovela argentina aLópez Baquez, Zuzuel, eeditora